<?xml version="1.0" encoding="UTF-8"?>
<collection xmlns:xsi="http://www.w3.org/2001/XMLSchema-instance" xsi:schemaLocation="http://www.loc.gov/MARC21/slim http://www.loc.gov/standards/marcxml/schema/MARC21slim.xsd" xmlns="http://www.loc.gov/MARC21/slim">
 <record>
  <leader>00000cab a22000003a 4500</leader>
  <controlfield tag="001">UP-99796217609500782</controlfield>
  <controlfield tag="003">Buklod</controlfield>
  <controlfield tag="005">20231007234452.0</controlfield>
  <controlfield tag="006">m    |o  d |      </controlfield>
  <controlfield tag="007">ta</controlfield>
  <controlfield tag="008">101014s        xx     d | ||r |||||   ||</controlfield>
  <datafield tag="040" ind1=" " ind2=" ">
   <subfield code="a">DENGII</subfield>
  </datafield>
  <datafield tag="041" ind1=" " ind2=" ">
   <subfield code="a">eng</subfield>
  </datafield>
  <datafield tag="100" ind1="0" ind2=" ">
   <subfield code="a">Singh, D.V.</subfield>
  </datafield>
  <datafield tag="245" ind1="0" ind2="0">
   <subfield code="a">Effect of band alignment and density of states on the collector current in p-Si/n-Si1-yCy</subfield>
   <subfield code="c">p-Si HBTs.</subfield>
  </datafield>
  <datafield tag="300" ind1=" " ind2=" ">
   <subfield code="a">pp. 425-432</subfield>
  </datafield>
  <datafield tag="520" ind1=" " ind2=" ">
   <subfield code="a">p-Si/n-Si1-yCy/p-Si heterojunction bipolar transistors with varying carbon fractions in the base were grown by rapid thermal chemical vapor deposition (RTCVD), to better understand the potential of Si1-yCy in enhancing the performance of Si-based bipolar technology. The band line-up issues which make Si1-yCy a desirable choice for forming the base region in a p-n-p HBT are discussed. Electrical measurements performed on the p-Si/n-Si1-yCy/p-Si HBTs (y=0.6, 0.8 at.%) are used to extract important information regarding the electronic properties of the Si/Si1-yCy material system, e.g., the bandgap reduction in Si1-yCy compared to Si and minority carrier recombination lifetime in Si1-yCy. Temperature dependent measurements of the collector current were performed to extract the bandgap narrowing at the Si/Si1-yCy heterojunction. This paper includes a detailed analysis of the impact of heavy doping and reduced density of states in Si1-yCy  compared to Si on the extraction of the energy bandgap offset, and on the collector current of p-n-p HBTs. The impact of the reduced density of states on the design of p-n-p Si/Si1-yCy HBTs is discussed. The measured value of the energy band offset is (65 meV/at.% C) very close to previously measured values of the conduction band offset at the Si/Si1-yCy heterojunction. The results are thus consistent with a band line-up at the Si/Si1-yCy interface that is dominated by a conduction band offset with little if any valence band offset.</subfield>
  </datafield>
  <datafield tag="653" ind1=" " ind2=" ">
   <subfield code="a">RTCVD.</subfield>
  </datafield>
  <datafield tag="653" ind1=" " ind2=" ">
   <subfield code="a">Si-SiC-Si.</subfield>
  </datafield>
  <datafield tag="653" ind1=" " ind2=" ">
   <subfield code="a">Si-based bipolar technology.</subfield>
  </datafield>
  <datafield tag="653" ind1=" " ind2=" ">
   <subfield code="a">Bandgap narrowing.</subfield>
  </datafield>
  <datafield tag="653" ind1=" " ind2=" ">
   <subfield code="a">Bandgap reduction.</subfield>
  </datafield>
  <datafield tag="653" ind1=" " ind2=" ">
   <subfield code="a">Chemical vapor deposition.</subfield>
  </datafield>
  <datafield tag="653" ind1=" " ind2=" ">
   <subfield code="a">Collector current.</subfield>
  </datafield>
  <datafield tag="653" ind1=" " ind2=" ">
   <subfield code="a">Density of states reduction.</subfield>
  </datafield>
  <datafield tag="653" ind1=" " ind2=" ">
   <subfield code="a">Electronic properties.</subfield>
  </datafield>
  <datafield tag="653" ind1=" " ind2=" ">
   <subfield code="a">Energy bandgap offset.</subfield>
  </datafield>
  <datafield tag="653" ind1=" " ind2=" ">
   <subfield code="a">Heavy doping.</subfield>
  </datafield>
  <datafield tag="653" ind1=" " ind2=" ">
   <subfield code="a">Minority carrier recombination lifetime.</subfield>
  </datafield>
  <datafield tag="653" ind1=" " ind2=" ">
   <subfield code="a">P-n-p HBT.</subfield>
  </datafield>
  <datafield tag="653" ind1=" " ind2=" ">
   <subfield code="a">Rapid thermal CVD.</subfield>
  </datafield>
  <datafield tag="653" ind1=" " ind2=" ">
   <subfield code="a">Temperature dependent measurements.</subfield>
  </datafield>
  <datafield tag="653" ind1=" " ind2=" ">
   <subfield code="a">Si/Si1-yCy material system.</subfield>
  </datafield>
  <datafield tag="653" ind1=" " ind2=" ">
   <subfield code="a">p-Si/n-Si1-yCy/p-Si HBTs.</subfield>
  </datafield>
  <datafield tag="773" ind1="0" ind2=" ">
   <subfield code="t">IEEE Transactions on electron devices</subfield>
   <subfield code="g">50, 2 (2003).</subfield>
  </datafield>
  <datafield tag="905" ind1=" " ind2=" ">
   <subfield code="a">FO</subfield>
  </datafield>
  <datafield tag="852" ind1=" " ind2=" ">
   <subfield code="a">UPD</subfield>
   <subfield code="b">DENG-II</subfield>
  </datafield>
  <datafield tag="942" ind1=" " ind2=" ">
   <subfield code="a">Article</subfield>
  </datafield>
 </record>
</collection>
